000 00853nam a2200265 a 4500
001 67647
003 BD-RjUL
005 20211209081658.0
008 170328s1974 caua b 001 0 eng
020 _a0805323643
035 _a(BD-RjUL)67856
040 _aDLC
_cDLC
_dDLC
_dICU
_dDLC
_dBD-RjUL
_beng
041 _aeng
082 0 0 _223
_a540
_bDIC 1974
100 1 _aDickerson, Richard Earl,
_d1931-
_9200569
245 1 0 _aChemical principles
_c Richard E. Dickerson, Harry B. Gray and Gilbert P. Haight, Jr.
250 _a2d ed.
260 _aMenlo Park, Calif. :
_bW. A. Benjamin,
_cc1974.
300 _axxii, 872 p. :
_bill. ;
_c25 cm.
500 _aIncludes index.
650 0 _aChemistry.
_9200570
700 1 _aGray, Harry B.,
_ejoint author.
_9200571
700 1 _aHaight, Gilbert P.
_q(Gilbert Pierce),
_ejoint author.
_9200572
942 _2ddc
_cBK
999 _c67647
_d67647